¿De que país se independizo esta nación? - Estadísticas

Estadísticas generales
  • Esta prueba ha sido intentada 84 veces
  • La puntuación promedio es 12 de 15
Estadísticas de respuestas
Pregunta Respuesta % Correcto
Argentina España
100%
México España
100%
Perú España
100%
Brasil Portugal
100%
India Reino Unido
100%
Estados Unidos de América Reino Unido
100%
Argelia Francia
94%
Guinea Ecuatorial España
88%
Surinam Paises Bajos
88%
Indonesia Paises Bajos
88%
Angola Portugal
75%
Madagascar Francia
63%
Guyana Reino Unido
63%
Vietnam Francia
50%
Uruguay Brasil
13%
No se encontraron pruebas coincidentes
Distribución de puntuación
Porcentaje de gente con cada puntuación
Porcentaje por número respondido
Historial de tus puntuaciones
No has intentado esta prueba.